| 000 | 00000nam##2200000za#4500 |
| 001 | 9.566510 |
| 003 | CaOODSP |
| 005 | 20210624180325 |
| 007 | cr ||||||||||| |
| 008 | 150406|1999||||xxc|||||o f|0| 0 eng|d |
| 040 | |aCaOODSP|beng |
| 043 | |an-cn--- |
| 086 | 1 |aTU3-5/99-14E-PDF |
| 110 | 2 |aTransportation Safety Board of Canada. |
| 245 | 10|aCollision with terrain - Points North Air Services de Havilland DHC-3 C-FASV, Points North Landing, Saskatchewan 22 nm NW, 01 May 1999 |h[electronic resource] |
| 260 | |aGatineau - Quebec : |bTransportation Safety Board of Canada |c[2000]. |
| 300 | |a8p. |
| 490 | 1 |aAviation investigation report |vA99C0087 |
| 590 | |a10-10-Supp|b2010-11-09 |
| 775 | 08|tCollision avec le relief - Points North Air Services de Havilland DHC-3 C-FASV 22 nm au nord-ouest de Points North Landing (Saskatchewan) le 1er mai 1999 |w(CaOODSP)9.597981 |
| 830 | #0|aAviation investigation report ;|vA99C0087|w(CaOODSP)9.504825 |
| 856 | 40|ahttp://publications.gc.ca|qPDF|s41 KB|uhttps://publications.gc.ca/collections/collection_2009/bst-tsb/TU3-5-99-14E.pdf|yA99C0087 |